000 01062nam a2200289 i 4500
001 15344
003 ES-MaACL
005 20250830053812.0
007 t|
008 000215s1998 sp ||||0| spa j
020 _a84-8164-273-8
040 _aM-BN-DP
_bspa
_cM-BN-DP
080 _a316.6
080 _a261.625
100 1 _aMartín Baró, Ignacio.
_977408
245 1 0 _aPsicología de la liberación /
_cIgnacio Martín-Baró ; edición, introducción y notas de Amalio Blanco ; epílogo de Noam Chomsky.
260 _aMadrid :
_bTrotta,
_c[1998]
300 _a374 p. ;
_c23 cm.
490 1 _aColección Estructuras y procesos. Serie Pensamiento, psicopatología y psiquiatría
650 1 7 _aPsicología social
_2embne
_916573
650 1 7 _aTeología de la liberación
_2embne
_917466
700 1 _aBlanco Abarca, Amalio.
_929213
700 1 _aChomsky, Noam,
_d1928-
_938607
830 0 0 _aEstructuras y procesos.
_pPensamiento, psicopatología y psiquiatría
_9179752
852 _aES-MaACL
_jL-22631
_bR.127843
999 _c15344
_d15344